Welcome to WEB OPAC of MRSPTU Central Library

Study of Ferroelectric and Dielectric Properties of Doped Sodium Nitrite NaNo2-PV A Thin Films (Record no. 11139)

MARC details
000 -LEADER
fixed length control field 00557nam a22001697a 4500
003 - CONTROL NUMBER IDENTIFIER
control field OSt
005 - DATE AND TIME OF LATEST TRANSACTION
control field 20260313100605.0
008 - FIXED-LENGTH DATA ELEMENTS--GENERAL INFORMATION
fixed length control field 260313b |||||||| |||| 00| 0 eng d
040 ## - CATALOGING SOURCE
Transcribing agency MRSPTU
041 ## - LANGUAGE CODE
Language code of text/sound track or separate title English
100 ## - MAIN ENTRY--PERSONAL NAME
Personal name Rajinder Kaur, Supervisor: Jasbir Singh Hundal
245 ## - TITLE STATEMENT
Title Study of Ferroelectric and Dielectric Properties of Doped Sodium Nitrite NaNo2-PV A Thin Films
260 ## - PUBLICATION, DISTRIBUTION, ETC.
Name of publisher, distributor, etc. Department of Physics, MRSPTU, Bathinda
Date of publication, distribution, etc. 2015
650 ## - SUBJECT ADDED ENTRY--TOPICAL TERM
Topical term or geographic name entry element Physics
856 ## - ELECTRONIC LOCATION AND ACCESS
Uniform Resource Identifier <a href="http://163.47.215.52:8080/jspui/handle/123456789/1196">http://163.47.215.52:8080/jspui/handle/123456789/1196</a>
942 ## - ADDED ENTRY ELEMENTS (KOHA)
Source of classification or shelving scheme Dewey Decimal Classification
Koha item type Theses & Dissertations
Suppress in OPAC No
Holdings
Withdrawn status Lost status Source of classification or shelving scheme Damaged status Not for loan Home library Current library Date acquired Total checkouts Full call number Barcode Date last seen Price effective from Koha item type
    Dewey Decimal Classification     MRSPTU Central Library MRSPTU Central Library 03/13/2026   530 KA-S TH303 03/13/2026 03/13/2026 Theses & Dissertations

Website Designed and Developed by MRSPTU Central Library Team

E-mail Id: librarian@mrsptu.ac.in